<?xml version="1.0" encoding="UTF-8"?><?xml-stylesheet type="text/xsl" href="static/style.xsl"?><OAI-PMH xmlns="http://www.openarchives.org/OAI/2.0/" xmlns:xsi="http://www.w3.org/2001/XMLSchema-instance" xsi:schemaLocation="http://www.openarchives.org/OAI/2.0/ http://www.openarchives.org/OAI/2.0/OAI-PMH.xsd"><responseDate>2026-04-27T13:50:01Z</responseDate><request verb="GetRecord" identifier="oai:uvadoc.uva.es:10324/32079" metadataPrefix="marc">https://uvadoc.uva.es/oai/request</request><GetRecord><record><header><identifier>oai:uvadoc.uva.es:10324/32079</identifier><datestamp>2021-06-29T22:38:32Z</datestamp><setSpec>com_10324_38</setSpec><setSpec>col_10324_852</setSpec></header><metadata><record xmlns="http://www.loc.gov/MARC21/slim" xmlns:doc="http://www.lyncode.com/xoai" xmlns:xsi="http://www.w3.org/2001/XMLSchema-instance" xmlns:dcterms="http://purl.org/dc/terms/" xsi:schemaLocation="http://www.loc.gov/MARC21/slim http://www.loc.gov/standards/marcxml/schema/MARC21slim.xsd">
<leader>00925njm 22002777a 4500</leader>
<datafield tag="042" ind1=" " ind2=" ">
<subfield code="a">dc</subfield>
</datafield>
<datafield tag="720" ind1=" " ind2=" ">
<subfield code="a">Lumbreras Pérez, Víctor</subfield>
<subfield code="e">author</subfield>
</datafield>
<datafield tag="260" ind1=" " ind2=" ">
<subfield code="c">2018</subfield>
</datafield>
<datafield tag="520" ind1=" " ind2=" ">
<subfield code="a">Este trabajo ha consistido en desarrollar un método analítico para la determinación simultánea de ocho plaguicidas por cromatografía de gases con detección por espectrometría de masas (GC-MS). Se ha propuesto un tratamiento de muestro efectivo (con recuperaciones medias compendiadas entre el 95 % y el 104 %) que consistía en fundir la cera en un baño de agua a 65°C, una extracción con disolventes empleando una mezcla calentada de acetonitrilo y agua (9:1, v/v), una congelación con hielo seco con el propósito de precipitar lípidos y proteínas, una etapa de limpieza y concentración con amina primaria secundaria (PSA) y C18, una centrifugación seguida de una concentración a sequedad en un rotavapor y una reconstitución del residuo seco con 1 mL de una mezcla de ciclohexano y acetato de etilo (8:2; v/v). La separación GC se llevó a cabo empleando una columna J&amp;W HP-5 MS (30 m × 0,25 mm × 0,25 mm) con un programa de temperatura y utilizando Helio como gas portador a un flujo constante de 1,2 mL/min.</subfield>
</datafield>
<datafield tag="024" ind2=" " ind1="8">
<subfield code="a">http://uvadoc.uva.es/handle/10324/32079</subfield>
</datafield>
<datafield tag="245" ind1="0" ind2="0">
<subfield code="a">Presencia de plaguicidas en cera estampada</subfield>
</datafield>
</record></metadata></record></GetRecord></OAI-PMH>